LEADER 03443nam 2200505 450 001 9910467205903321 005 20200520144314.0 010 $a2-7598-2197-8 024 7 $a10.1051/978-2-7598-2197-6 035 $a(CKB)4340000000208964 035 $a(MiAaPQ)EBC5106192 035 $a(PPN)226412148 035 $a(Au-PeEL)EBL5106192 035 $a(CaPaEBR)ebr11455401 035 $a(OCoLC)1007050932 035 $a(DE-B1597)573309 035 $a(DE-B1597)9782759821976 035 $a(EXLCZ)994340000000208964 100 $a20171115h20172017 uy 0 101 0 $afre 135 $aurcnu|||||||| 181 $2rdacontent 182 $2rdamedia 183 $2rdacarrier 200 00$aOser l'encyclope?die $eun combat des Lumie?res /$fAlain Cernuschi [and four others] 210 1$a[Place of publication not identified] :$cEDP Sciences,$d2017. 210 4$d©2017 215 $a1 online resource (120 pages) $cillustrations 311 $a2-7598-2138-2 320 $aIncludes bibliographical references. 327 $tFrontmatter -- $tPréface -- $tLes auteurs -- $tAvant-propos -- $tChronologie -- $tQu'est-ce que l'Encyclopédie ? -- $t1. L'Encyclopédie : une histoire éditoriale mouvementée -- $t2. Une oeuvre collective -- $t3. Héritages -- $t4. Savoirs vivants -- $t5. L'Encyclopédie : une oeuvre critique -- $t6. La description des arts -- $t7. Les volumes de planches -- $t8. L'organisation des savoirs : système ou labyrinthe ? -- $t9. Suites et métamorphoses -- $t10. L'Encyclopédie aujourd'hui -- $tBibliographie sommaire -- $tTable des matières 330 $aL'Encyclopédie fut l'ouvrage-phare du Siècle des Lumières. Mais n'est-elle plus, au XXIe siècle, qu'un monument à admirer de loin ? L'objectif de cet ouvrage est de donner envie de la découvrir ou de la redécouvrir. On trouvera ici l'essentiel de ce qu'on sait aujourd'hui sur ces 28 volumes publiés entre 1751 et 1772 par Diderot, D'Alembert et Jaucourt, troisième éditeur méconnu : ce que fut cette gigantesque entreprise éditoriale, sa construction, ses buts, ses ambitions, les obstacles rencontrés. On suivra l'histoire mouvementée de sa publication. On verra comment cette oeuvre aux multiples héritages, est aussi le fruit de multiples innovations, grâce aux nombreux scientifiques, philosophes, écrivains, graveurs et dessinateurs, tous parmi les meilleurs de l'époque. Qui a fait quoi ? Comment ? Pourquoi ? Dans quel contexte ? Telles sont les questions auxquelles ce livre espère répondre simplement. À partir des matériaux rassemblés pour l'Édition Numérique Collaborative et CRitique de l'Encyclopédie (ENCCRE), mise en ligne en octobre 2017, et grâce aux recherches historiques les plus récentes, les auteurs invitent à un voyage à travers des savoirs encore vivants, dont les résonances sociales et politiques sont en grande partie d'actualité : la place de la rationalité et de l'esprit critique mérite toujours d'être défendue. 606 $aCuriosities and wonders$vEncyclopedias 608 $aElectronic books. 615 0$aCuriosities and wonders 676 $a031.02 700 $aCernuschi$b Alain, $4aut$4http://id.loc.gov/vocabulary/relators/aut$01046967 702 $aCernuschi$b Alain 801 0$bMiAaPQ 801 1$bMiAaPQ 801 2$bMiAaPQ 906 $aBOOK 912 $a9910467205903321 996 $aOser l'encyclope?die$92474263 997 $aUNINA LEADER 01462nem a2200265 i 4500 001 991003855859707536 007 aj canun 008 080905s1852 sp bz a 0 spa d 035 $ab13761511-39ule_inst 082 $a912.19 100 1 $aCoello, Francisco$d<1822-1898>$0313112 245 10$aValladolid$h[Materiale cartografico] /$cpor el teniente coronel, capitan de ingenieros D. Francisco Coello ; las notas estadísticas e históricas han sido escritas por D. Pascual Madoz ; grabado en Madrid bajo la dirección del autor 255 $a1:200000 260 $aMadrid :$b[s.n.],$c1852 300 $a1 c. geogr. col. rileg. in tela ;$c(79x103 cm), ripieg. in 18 x 13 cm. 440 0$aAtlas de España y sus posesiones de Ultramar 500 $aTit. alternativo: Atlas de España y sus posesiones de Ultramar. Diccionario geográfico, estadístico, histórico. 500 $aInserti: 1. Valladolid. - 1:10000. - 24 x 21 cm. ; 2. Contornos de Valladolid. - 1:100000. - 13 x 21 cm. ; 3. Medina de Rioseco. - 1:20000. - 11 x 7 cm. ; 4. Tordesillas. - 1:20000. - 11 x 7 cm. ; 5. Medina del Campo. - 1:20000. - 11 x 7 cm 700 1 $aMadoz, Pascual$d<1806-1870> 907 $a.b13761511$b02-04-14$c05-09-08 912 $a991003855859707536 945 $aLE023 Ed. preg. XXIX, 10 $g1$lle023$o-$pE0.00$q-$rn$so $t0$u0$v0$w0$x0$y.i14825739$z11-09-08 996 $aValladolid$91228545 997 $aUNISALENTO 998 $ale023$b05-09-08$cm$de $eo$fspa$gsp $h0$i0 LEADER 01611nam 2200517zu 450 001 9910713057403321 005 20220913173150.0 010 $a0-8031-7561-2 035 $a(CKB)3780000000001546 035 $a(SSID)ssj0001184366 035 $a(PQKBManifestationID)12512968 035 $a(PQKBTitleCode)TC0001184366 035 $a(PQKBWorkID)11196483 035 $a(PQKB)11425455 035 $a(EXLCZ)993780000000001546 100 $a20160829d2012 uy 101 0 $aeng 181 $ctxt 182 $cc 183 $acr 200 10$aRolling element bearings 210 31$a[Place of publication not identified]$cASTM International$d2012 225 0 $aSelected technical papers Rolling element bearings 300 $aBibliographic Level Mode of Issuance: Monograph 311 $a0-8031-7528-0 606 $aRoller bearings$xFatigue 606 $aBall-bearings$xCracking 606 $aMetals 606 $aMechanical Engineering$2HILCC 606 $aEngineering & Applied Sciences$2HILCC 606 $aMechanical Engineering - General$2HILCC 615 0$aRoller bearings$xFatigue. 615 0$aBall-bearings$xCracking. 615 0$aMetals. 615 7$aMechanical Engineering 615 7$aEngineering & Applied Sciences 615 7$aMechanical Engineering - General 676 $a621.8/22 702 $aMandler$b William F. 702 $aTakeuchi$b Yoshimi R. 712 12$aASTM International Symposium on Rolling Element Bearings. 801 0$bPQKB 906 $aBOOK 912 $a9910713057403321 996 $aRolling element bearings$93359992 997 $aUNINA